[Event "Chicago op 17th"]
[Site "Chicago"]
[Date "2008.05.25"]
[Round "5"]
[White "Davis, Loal W"]
[Black "Donahue, Jeremiah"]
[Result "1/2-1/2"]
[WhiteElo "2198"]
[BlackElo "2146"]
[PlyCount "84"]
[EventDate "2008.05.23"]
[EventType "swiss"]
[EventRounds "7"]
[EventCountry "USA"]
[SourceTitle "CBM 124 Extra"]
[Source "ChessBase"]
[SourceDate "2008.07.03"]
[SourceVersion "1"]
[SourceVersionDate "2008.07.03"]
[SourceQuality "1"]

1. d4 Nf6 2. c4 e6 3. Nc3 Bb4 4. Nf3 b6 5. g3 Bb7 6. Bg2 0-0 7. 0-0 Bxc3 8. bxc3 d6 9. c5 dxc5 10. dxc5 bxc5 11. Ba3 Nbd7 12. Qa4 Qc8 13. Rfd1 Rd8 14. Rab1 Bd5 15. Nd2 Nb6 16. Qb5 Bxa2 17. Ra1 Bd5 18. e4 Bb7 19. Bxc5 Qd7 20. Qxd7 Nfxd7 21. Be3 h6 22. Ra5 Nf6 23. Rda1 Ng4 24. Nf1 Nxe3 25. Nxe3 Nc8 26. Rc5 Nd6 27. e5 Bxg2 28. Kxg2 Ne8 29. Rca5 Kf8 30. Rxa7 Rab8 31. c4 Rb2 32. R7a2 Rb3 33. Ra3 Rb2 34. R3a2 Rb3 35. Rd1 Rxd1 36. Nxd1 Ke7 37. Rd2 Rb4 38. Ne3 Ra4 39. Kf3 Ra5 40. Ke4 Ra8 41. h4 Ra5 42. g4 Ra8 1/2-1/2

[Event "Chicago op 17th"]
[Site "Chicago"]
[Date "2008.05.25"]
[Round "4"]
[White "Donahue, Jeremiah"]
[Black "Wolf, Dan"]
[Result "1/2-1/2"]
[WhiteElo "2146"]
[BlackElo "2295"]
[PlyCount "76"]
[EventDate "2008.05.23"]
[EventType "swiss"]
[EventRounds "7"]
[EventCountry "USA"]
[SourceTitle "CBM 124 Extra"]
[Source "ChessBase"]
[SourceDate "2008.07.03"]
[SourceVersion "1"]
[SourceVersionDate "2008.07.03"]
[SourceQuality "1"]

1. e4 c5 2. Nf3 e6 3. d4 cxd4 4. Nxd4 Nc6 5. c4 Nf6 6. Nc3 Bb4 7. Nxc6 bxc6 8. Bd3 d5 9. cxd5 exd5 10. 0-0 Bxc3 11. bxc3 dxe4 12. Bxe4 Nxe4 13. Qe2 f5 14. f3 Qb6+ 15. Kh1 Ba6 16. c4 0-0 17. fxe4 fxe4 18. Be3 Qb4 19. Rac1 Rxf1+ 20. Qxf1 Rf8 21. Qg1 Rf7 22. Bxa7 h6 23. Bc5 Qb2 24. a3 Qe2 25. a4 Bxc4 26. a5 Bd3 27. Bb6 Rf6 28. Ra1 Rg6 29. Qf2 Qxf2 30. Bxf2 Ba6 31. Kg1 Rg5 32. Be3 Rf5 33. Rc1 Kf7 34. h3 Rxa5 35. Rxc6 Ra1+ 36. Rc1 Ra2 37. Rc7+ Kg8 38. Bd4 g5 1/2-1/2